<?xml version="1.0" encoding="UTF-8"?>
<record
    xmlns:xsi="http://www.w3.org/2001/XMLSchema-instance"
    xsi:schemaLocation="http://www.loc.gov/MARC21/slim http://www.loc.gov/standards/marcxml/schema/MARC21slim.xsd"
    xmlns="http://www.loc.gov/MARC21/slim">

  <leader>00757nam a22001817a 4500</leader>
  <controlfield tag="005">20241128115342.0</controlfield>
  <datafield tag="010" ind1=" " ind2=" ">
    <subfield code="a">HIN-128860</subfield>
  </datafield>
  <datafield tag="020" ind1=" " ind2=" ">
    <subfield code="c">50.00</subfield>
  </datafield>
  <datafield tag="035" ind1=" " ind2=" ">
    <subfield code="a">HN-101206</subfield>
  </datafield>
  <datafield tag="037" ind1=" " ind2=" ">
    <subfield code="b">DBAD</subfield>
  </datafield>
  <datafield tag="082" ind1=" " ind2=" ">
    <subfield code="a">230.2</subfield>
  </datafield>
  <datafield tag="100" ind1=" " ind2=" ">
    <subfield code="a">&#x938;&#x930;&#x938;&#x94D;&#x935;&#x924;&#x940;, &#x905;&#x916;&#x902;&#x921;&#x93E;&#x928;&#x902;&#x926; </subfield>
    <subfield code="9">74209</subfield>
  </datafield>
  <datafield tag="245" ind1=" " ind2=" ">
    <subfield code="a">&#x90A;&#x916;&#x932; &#x92C;&#x902;&#x927;&#x928; &#x932;&#x940;&#x932;&#x93E; /</subfield>
    <subfield code="c">&#x905;&#x916;&#x902;&#x921;&#x93E;&#x928;&#x902;&#x926; &#x938;&#x930;&#x938;&#x94D;&#x935;&#x924;&#x940;</subfield>
  </datafield>
  <datafield tag="260" ind1=" " ind2=" ">
    <subfield code="a">&#x935;&#x943;&#x902;&#x926;&#x93E;&#x935;&#x928; </subfield>
    <subfield code="b">&#x938;&#x94D;&#x935;&#x92E;&#x940;&#x936;&#x94D;&#x930;&#x940; &#x905;&#x916;&#x902;&#x921;&#x93E;&#x928;&#x902;&#x926; &#x92A;&#x941;&#x938;&#x94D;&#x924;&#x915;&#x93E;&#x932;&#x92F; </subfield>
    <subfield code="c">2012</subfield>
  </datafield>
  <datafield tag="270" ind1=" " ind2=" ">
    <subfield code="a">&#x906;&#x928;&#x928;&#x94D;&#x926; &#x915;&#x941;&#x91F;&#x940;&#x930;, &#x92E;&#x94B;&#x924;&#x940;&#x91D;&#x940;&#x932;</subfield>
    <subfield code="b">&#x935;&#x943;&#x902;&#x926;&#x93E;&#x935;&#x928; </subfield>
    <subfield code="e">281121</subfield>
    <subfield code="k">09837219460</subfield>
  </datafield>
  <datafield tag="300" ind1=" " ind2=" ">
    <subfield code="a">256 &#x92A;&#x943;.</subfield>
    <subfield code="c">21 &#x938;&#x947;&#x92E;&#x940; (&#x905;&#x91C;&#x93F;&#x932;&#x94D;&#x926;)</subfield>
  </datafield>
  <datafield tag="942" ind1=" " ind2=" ">
    <subfield code="2">ddc</subfield>
    <subfield code="c">HN</subfield>
    <subfield code="h">230.2</subfield>
    <subfield code="m">&#x938;&#x930;&#x938;&#x94D;&#x935;</subfield>
  </datafield>
  <datafield tag="999" ind1=" " ind2=" ">
    <subfield code="c">207121</subfield>
    <subfield code="d">207121</subfield>
  </datafield>
  <datafield tag="952" ind1=" " ind2=" ">
    <subfield code="0">0</subfield>
    <subfield code="1">0</subfield>
    <subfield code="4">0</subfield>
    <subfield code="7">0</subfield>
    <subfield code="8">NFIC</subfield>
    <subfield code="a">BN</subfield>
    <subfield code="b">BN</subfield>
    <subfield code="d">2024-11-28</subfield>
    <subfield code="e">DBAD</subfield>
    <subfield code="g">50.00</subfield>
    <subfield code="l">0</subfield>
    <subfield code="o">230.2 &#x938;&#x930;&#x938;&#x94D;&#x935;</subfield>
    <subfield code="p">HN-101206</subfield>
    <subfield code="r">2024-11-28 00:00:00</subfield>
    <subfield code="t">1</subfield>
    <subfield code="v">50.00</subfield>
    <subfield code="w">2024-11-28</subfield>
    <subfield code="y">HN</subfield>
  </datafield>
</record>
